10 najgorętszych państw europejskich - Statystyki

Ogólne statystyki
  • Ten quiz został rozwiązany 4 302 razy
  • Średni wynik to 9 z 10
Statystyki odpowiedzi
° C Państwo % Poprawnych
14,2 Hiszpania
100%
15,8 Grecja
98%
14,6 Włochy
98%
16,1 Portugalia
97%
12,4 Chorwacja
91%
20,3 Malta
91%
12,9 Albania
87%
16,8 Watykan
83%
14,2 San Marino
82%
13,9 Monako
77%
Nie znaleziono quizów pasujących do podanych kryteriów
Rozkład punktacji
Procent ludzi z każdym wynikiem
Percentyl według liczby udzielonych odpowiedzi
Twoja historia wyników
Nie rozwiązałeś tego quizu